Introduction to business enterprise (Record no. 24672)

MARC details
000 -LEADER
fixed length control field 00342nam a2200133Ia 4500
082 ## - DEWEY DECIMAL CLASSIFICATION NUMBER
Classification number 658
Item number KEI
100 ## - MAIN ENTRY--AUTHOR NAME
Personal name Gubellini, Lyman A
245 #0 - TITLE STATEMENT
Title Introduction to business enterprise
250 ## - EDITION STATEMENT
Edition statement Ed.4
260 ## - PUBLICATION, DISTRIBUTION, ETC. (IMPRINT)
Place of publication New York
Name of publisher McGraw Hill
Year of publication 1975
650 ## - SUBJECT ADDED ENTRY--TOPICAL TERM
Topical Term Business organisation
942 ## - ADDED ENTRY ELEMENTS (KOHA)
Koha item type Books
Holdings
Withdrawn status Lost status Damaged status Not for loan Home library Current library Date acquired Cost, normal purchase price Full call number Accession Number Koha item type
        RRII Library RRII Library 16/12/2021 12.95 658 KEI 05346 Books